MARC

LEADER 00000nam0a2200000 4500
001 374512
005 20231102012646.0
020 |a RU  |b 89-6925 
035 |a (RuTPU)RU\TPU\retro\31946 
035 |a RU\TPU\book\271581 
090 |a 374512 
100 |a 20221219d1988 m y0rusy5003 ca 
101 0 |a rus 
102 |a RU 
105 |a y z 000zy 
200 1 |a Неформальные объединения молодежи вчера, сегодня... А завтра?  |e сборник статей 
210 |a Москва  |d 1988 
215 |a 68 с. 
606 1 |a Молодежные объединения неформальные  |y В СССР  |2 stltpush  |3 (RuTPU)RU\TPU\subj\44343  |9 63692 
610 1 |a неформальные объединения 
610 1 |a молодежь 
610 1 |a поведение 
610 1 |a нетрадиционные формы 
610 1 |a субкульурные доминанты 
610 1 |a подростки 
610 1 |a социализация 
686 |a Ф75(2)  |2 rubbk 
801 0 |a RU  |b RuMRKP  |c 19950417  |g psbo 
801 1 |a RU  |b 63413507  |c 20140205 
801 2 |a RU  |b 63413507  |c 20221219  |g RCR 
942 |c BK